20 in 20 Quiz Stats

Quiz not verified by Sporcle

Challenge
Share
Tweet
Embed
Score 0/210 Timer 20:00
0 Plays Today
Answer % Correct
a
98%
and
98%
Jesus
96.7%
Barack Obama
93.3%
Elton John - 9
92%
George W. Bush
91.3%
George H.W. Bush
90.7%
Hey
90%
Jude
90%
Bill Clinton
90%
it
89.3%
it
89.3%
Arm
89.3%
Ear
88.7%
Eye
88%
Bart
88%
Ronald Reagan
87.3%
Titanic - $2.1B
86.7%
John F. Kennedy
86.7%
Google.com
85.3%
Homer
85.3%
Marge
84.7%
Lisa
84.7%
England - 1966
82%
don't
82%
Richard Nixon
82%
Maggie
82%
West Germany - 1974
81.3%
Germany - 2006
81.3%
France - 1938
80.7%
France - 1998
80.7%
Leg
80.7%
Brazil - 1950
80%
make
80%
make
80%
United States - 1994
79.3%
Wide Receiver
79.3%
Wide Receiver
79.3%
Facebook.com
78%
Russia
78%
better.
78%
Take
77.3%
sad
77.3%
Toe
77.3%
Spain - 1982
76.7%
song
76.7%
Italy - 1934
76%
Italy - 1990
76%
Michael Jackson - 13
76%
New York City, USA
76%
Yahoo.com
75.3%
bad.
75.3%
Lust
74.7%
Avatar - $2.7B
74%
Jimmy Carter
74%
Air
74%
Mexico - 1970
73.3%
Mexico - 1986
73.3%
Envy
73.3%
The Beatles - 20
72.7%
Gluttony
72.7%
Fire
72.7%
Quarterback
72%
Vatican City
72%
Ukraine
71.3%
Sloth
71.3%
Earth
71.3%
Argentina - 1978
70.7%
Latvia
70.7%
Lithuania
70.7%
Answer % Correct
Tokyo-Yokohama, Japan
70.7%
Lip
70%
Water
70%
Greed
69.3%
South Korea/Japan - 2002
68.7%
Gerald Ford
68.7%
Janet Jackson - 10
68%
Neon
68%
Joseph
67.3%
Argon
66%
Magic Johnson
65.3%
Turkmenistan
64.7%
Kyrgyzstan
64%
Kazakhstan
63.3%
Madonna - 12
63.3%
Estonia
62.7%
Wrath
62.7%
Paul
62%
South Africa - 2010
62%
Uzbekistan
62%
Tajikistan
61.3%
Pride
60.7%
Moses
60%
Abraham
60%
Uruguay - 1930
60%
Armenia
60%
Dwight D. Eisenhower
60%
Hip
59.3%
Peter
58.7%
Georgia
58.7%
YouTube.com
57.3%
Azerbaijan
57.3%
Lyndon B. Johnson
56.7%
Helium
56%
Sweden - 1958
55.3%
Rib
54%
Mariah Carey - 18
53.3%
Harry S Truman
53.3%
Jaw
53.3%
Xenon
53.3%
Halfback
52.7%
The Dark Knight - $1B
52%
Twitter.com
52%
Babe Ruth - 714
51.3%
Kareem Abdul-Jabbar
50%
Belarus
50%
Center
49.3%
Wikipedia.org
48.7%
Chile - 1962
47.3%
Elvis Presley - 17
46%
Krypton
45.3%
San Marino
45.3%
Switzerland - 1954
44%
Gum
44%
Tight End
43.3%
Shanghai, China
43.3%
Moldova
42.7%
David
41.3%
Amazon.com
41.3%
Rihanna - 12
40%
Fullback
40%
The Dark Knight Rises - $1B
38.7%
The Avengers - $1.5B
38%
Whitney Houston - 11
37.3%
Hank Aaron - 755
37.3%
Aaron
36.7%
Toy Story 3 - $1B
35.3%
Isaac
34.7%
Radon
34.7%
Barry Bonds - 762
34%
Answer % Correct
Alex Rodriguez - 651
34%
Jerry West
32%
Manila, Philippines
32%
Left Tackle
31.3%
Right Tackle
31.3%
Solomon
30.7%
Seoul-Incheon, South Korea
30.7%
Saul
29.3%
Iron Man 3 - $1.2B
29.3%
Jurassic Park - $1B
29.3%
Right Guard
28.7%
Left Guard
28%
Delhi, India
27.3%
Sammy Sosa - 609
27.3%
Karachi, Pakistan
26.7%
São Paulo, Brazil
26%
Yahoo.co.jp
25.3%
Bee Gees - 9
24%
Usher - 9
24%
Dennis Rodman
23.3%
Jacob
22.7%
Samuel
22%
Ken Griffey Jr. - 630
22%
Wilt Chamberlain
21.3%
Transformers: Dark of the Moon - $1.1B
21.3%
Alice in Wonderland (2010) - $1B
20%
We're talkin bout practice man
20%
Willie Mays - 660
19.3%
Lord of the Rings: The Return of the King - $1.1B
18%
Squirtle
18%
Joshua
17.3%
Harry Potter and the Deathly Hallows Part 2 - $1.3B
17.3%
Jakarta, Indonesia
17.3%
Live.com
16.7%
Jim Thome - 612
16.7%
James Worthy
16%
QQ.com
15.3%
Pirates of the Caribbean: Dead Man's Chest - $1B
14.7%
Charmander
14.7%
Bulbasaur
14.7%
Karl Malone
14%
Elijah
13.3%
Skyfall - $1.1B
13.3%
Elgin Baylor
12.7%
The Hobbit: An Unexpected Journey - $1B
11.3%
Pirates of the Caribbean: On Stranger Tides - $1B
10.7%
Blogger.com
10%
Jeremiah
8%
Judah
8%
Stevie Wonder - 10
7.3%
Gail Goodrich
6.7%
George Mikan
6.7%
Star Wars: Episode I-The Phantom Menace - $1B
6.7%
LinkedIn.com
6.7%
Sina.com.cn
6%
Baidu.com
5.3%
Slater Martin
4.7%
The Supremes - 12
4.7%
Absalom
4%
Bob McAdoo
4%
Gary Payton
4%
Jamaal Wilkes
3.3%
Connie Hawkins
2.7%
Clyde Lovellette
2.7%
Vern Mikkelsen
2.7%
Jim Pollard
2%
Google.co.in
2%
Joab
1.3%
Hezekiah
1.3%
Taobao.com
1.3%

You're not logged in!

Compare scores with friends on all Sporcle quizzes.
Sign Up with Email
OR
Log In

You Might Also Like...

Show Comments

Extras

Top Quizzes Today


Score Distribution

Your Account Isn't Verified!

In order to create a playlist on Sporcle, you need to verify the email address you used during registration. Go to your Sporcle Settings to finish the process.